Performance evaluation of natural rubber latex modified mortar and concrete (Record no. 115693)

MARC details
000 -LEADER
fixed length control field 00439nam a22001337a 4500
005 - DATE AND TIME OF LATEST TRANSACTION
control field 20260309133659.0
008 - FIXED-LENGTH DATA ELEMENTS--GENERAL INFORMATION
fixed length control field 260309b |||||||| |||| 00| 0 eng d
100 ## - MAIN ENTRY--PERSONAL NAME
Personal name Liji Anna Mathew
245 ## - TITLE STATEMENT
Title Performance evaluation of natural rubber latex modified mortar and concrete
260 ## - PUBLICATION, DISTRIBUTION, ETC. (IMPRINT)
Place of publication, distribution, etc Kochi
Name of publisher, distributor, etc Division of civil engineering, School of Engineering, CUSAT
Date of publication, distribution, etc 2025
300 ## - PHYSICAL DESCRIPTION
Extent xxiii,191p.
700 ## - ADDED ENTRY--PERSONAL NAME
Personal name Guided by Glory Joseph
942 ## - ADDED ENTRY ELEMENTS (KOHA)
item type Under processing
Holdings
Lost status Source of classification or shelving scheme Not for loan Home library Current library Date acquired Total Checkouts Barcode Date last seen Price effective from Koha item type
  Universal Decimal Classification Not For Loan University Library University Library 09/03/2026   T0002449 09/03/2026 09/03/2026 Under processing
University Library, CUSAT